イナズマイレブン/エイリア学園の選手 - Statistics

General Stats
  • This quiz has been taken 31 times
  • The average score is 22 of 55
Answer Stats
背番号 名前 % Correct
MF 10 レーゼ / 緑川 リュウジ
92%
FW 11 グラン / 基山 ヒロト
88%
FW 10 バーン / 南雲 晴矢
88%
GK/FW デザーム / 砂木沼 治
83%
FW マキュア / 皇 マキ
83%
MF 10 ウルビダ / 八神 玲名
83%
FW 10 ガゼル / 涼野 風介
83%
GK ネロ / 根室 君之
75%
GK ゴルレオ / 五流 玲於
63%
FW/GK 11 ゼル / 瀬方 隆一郎
63%
FW ウィーズ / 伊豆野 由宇
63%
MF アイシー / 凍地 愛
63%
FW/MF 11 ネッパー / 熱波 夏彦
58%
DF クララ / 倉掛 クララ
58%
DF ゴッカ / 極川 寒太郎
58%
MF グリンゴ / 面月 宇宙
54%
DF ガニメデ / 蟹目 出郎
50%
FW 11 ディアム / 三浦 大夢
50%
MF/DF ボンバ / 本場 激
50%
DF アイキュー / 凍地 修児
50%
MF パンドラ / 近畿 希望
46%
GK グレント / 大岩 蔵人
46%
MF ヒート / 厚石 茂人
42%
MF イオ / 伊尾 駿太郎
38%
FW リーム / 七風 理夢
38%
MF クリプト / 九里 風子
38%
MF 10 メトロン / 武藤 論
33%
MF コーマ / 駒沢 恭馬
33%
GK ベルガ / 白井 一角
33%
DF カロン / 家禄 聡里
29%
MF クィール / 久井 ルル
29%
DF バーラ / 薔薇園 華
29%
MF レアン / 蓮池 杏
29%
FW 11 フロスト / 御氷 雫
29%
DF タイタン / 丹波 太二
25%
DF キーブ / 紀伊 布美子
25%
MF ドロル / 角路 徹
25%
DF ケイソン / 村田 圭介
21%
MF リオーネ / 栗尾根 由紀
21%
DF コラル / 珊瑚 義郎
17%
DF ケンビル / 比留間 健一
17%
DF モール / 森野 留美
17%
MF ファドラ / 端東 虎彦
17%
MF スオーム / 牟礼田 蜂郎
17%
DF ゾーハン / 石平 半蔵
17%
DF サトス / 佐藤 数男
17%
MF ボニトナ / 仁藤 穂香
17%
DF ギグ / 菊間 章介
13%
DF ゲイル / 鯨井 隆則
13%
MF アーク / 阿久津 聖
13%
FW サイデン / 祭殿 丞
13%
DF ハウザー / 羽崎 剛太
8%
DF バクレー / 葉隠 幸太郎
8%
MF バレン / 鳥羽 蓮
8%
FW ブロウ / 旋風野 冬司
8%
No matching quizzes found
Score Distribution
Percent of People with Each Score
Percentile by Number Answered
Your Score History
You have not taken this quiz